The 30 Best National Rugby Teams - Statistics

General Stats
  • This quiz has been taken 559 times
  • The average score is 24 of 30
Answer Stats
Rank National Team % Correct
1 New Zealand
99%
2 Australia
98%
4 England
98%
5 Wales
98%
7 France
97%
6 Ireland
97%
10 Scotland
97%
3 South Africa
97%
15 United States
93%
8 Argentina
92%
18 Canada
92%
9 Fiji
92%
14 Italy
92%
13 Japan
91%
12 Samoa
91%
11 Tonga
88%
22 Russia
84%
21 Spain
84%
30 Germany
79%
29 Portugal
77%
20 Namibia
72%
17 Romania
71%
19 Uruguay
70%
16 Georgia
69%
23 Chile
54%
26 Belgium
52%
27 Zimbabwe
49%
28 Kenya
47%
25 South Korea
44%
24 Hong Kong
37%
No matching quizzes found
Score Distribution
Percent of People with Each Score
Percentile by Number Answered
Your Score History
You have not taken this quiz